All Countries (NOCs) That Have Never Won an Olympic Medal - Statistics

General Stats
  • This quiz has been taken 94 times
    48 since last reset
  • The average score is 44 of 64
Answer Stats
Continent National Olympic Committee % Correct
North America Saint Kitts and Nevis
85%
Africa Mali
83%
Oceania Palau
83%
Asia Laos
81%
Europe Andorra
79%
Africa Angola
79%
Africa Chad
79%
Africa Lesotho
79%
Oceania Solomon Islands
79%
Oceania Tuvalu
79%
Africa Democratic Republic of the Congo
77%
Africa Guinea
77%
Africa Malawi
77%
Asia Maldives
77%
Oceania Marshall Islands
77%
Oceania Nauru
77%
North America Saint Vincent and the Grenadines
77%
Africa Seychelles
77%
Oceania American Samoa
74%
North America Belize
74%
Africa Benin
74%
Africa Madagascar
74%
Europe Malta
74%
Asia Oman
74%
Asia Yemen
74%
Asia Bhutan
72%
Asia Brunei
72%
Africa Eswatini
72%
Oceania Kiribati
72%
Europe Monaco
72%
Asia Nepal
72%
Oceania Papua New Guinea
72%
Africa Republic of the Congo
72%
Africa South Sudan
72%
Oceania Vanuatu
72%
South America Bolivia
70%
Asia Cambodia
70%
Africa Comoros
70%
Asia East Timor
70%
Africa Equatorial Guinea
70%
Oceania Federated States of Micronesia
70%
Africa Guinea-Bissau
70%
Africa Rwanda
70%
Africa São Tomé and Príncipe
70%
Africa Somalia
70%
North America Antigua and Barbuda
68%
Africa Central African Republic
68%
North America Honduras
68%
Africa Liberia
68%
North America El Salvador
66%
Africa Gambia
66%
Africa Mauritania
64%
Africa Sierra Leone
64%
Africa Libya
62%
Asia Myanmar
62%
North America Nicaragua
60%
Asia Bangladesh
57%
Oceania Guam
47%
Europe Bosnia and Herzegovina
45%
North America British Virgin Islands
38%
South America Aruba
36%
Asia Palestine
36%
Oceania Cook Islands
26%
North America Cayman Islands
23%
No matching quizzes found
Score Distribution
Percent of People with Each Score
Percentile by Number Answered
Your Score History
You have not taken this quiz since the last reset